000 00729nam a2200217Ia 4500
999 _c38752
_d38752
003 GCL
005 20240530103342.0
008 140319s9999 xx 000 0 ara d
020 _a9005110977
040 _aGCL /
_cGCL
082 0 4 _a796.325/
_bع ك
100 1 _aعصام الوشاحى
245 1 2 _aالكرة الطائرة للناشئين وتلاميذ المدارس ج2 /
_cعصام الوشاحى
260 _a[S.N] :
_bدار الفكر العربى ،
_c1983
300 _a316 ص ؛
_c24 سم
650 0 4 _aالرياضة البدنية
650 0 4 _aالالعاب الرياضية
650 0 4 _aالكرة الطائرة
650 0 4 _aالالعاب الرياضية الجماعية
942 _2ddc
_cBK